000 00674nam a2200229 a 4500
001 3340828
003 LC
005 20170228101942.0
008 850724s1985 ph b 000 0 eng
020 _a9710857770
050 0 0 _aHD 82
_b.F175 1994
082 0 0 _aFIL 338.9
_bF17 1994
100 1 _aFajardo, Feliciano R.
245 1 0 _aEconomic development /
_cFajardo, Feliciano R.
260 _aMetro Manila, Philippines :
_bNational Book Store,
_c1994
300 _axiii, 426 p. ;
_c22 cm.
504 _aBibliography: p. 417-420.
650 0 _aEconomic development.
650 0 _aEconomic policy.
906 _a7
_bcbc
_corignew
_d4
_encip
_f19
_gy-gencatlg
942 _2lcc
_cBK
999 _c2851
_d2851